000 00280nam a22001337a 4500
008 170328b xxu||||| |||| 00| 0 eng d
020 _a9780736001830
041 _aeng
080 _a796.32
100 _a8
101 _aSHM
245 _aSPORT FINANCE
_cFRIED.G
942 _2udc
_cBK
999 _c8766
_d8766